| 000 | 00565nam a2200169 a 4500 | ||
|---|---|---|---|
| 005 | 20140412111225.0 | ||
| 008 | 010330s19uu xx 00 eng d | ||
| 020 | _a1-57471-059-1 | ||
| 050 |
_aBB _bWh62 1995 |
||
| 100 | _aWilliams, Rozanne Lanczak | ||
| 245 |
_aWho took the cookire from the cookie jar? / _cwritten by Rozanne Lanczak Williams ; illustrated by Karl Edwards. |
||
| 260 |
_aCypress, CA : _bCreative Teaching Press, Inc, _c1995. |
||
| 300 | _a1 v. (unp.) ; ill. | ||
| 440 | _aMath Series | ||
| 650 | _aMath - Juvenile literature | ||
| 999 |
_c102014 _d102014 |
||